Statistics for 2021 NBA Draft First 10 Picks

Click here to take the quiz!

General Stats

  • This quiz has been taken 7 times
  • The average score is 7 of 10

Answer Stats

PickTeamCollege/FromPlayer% Correct
1Detroit PistonsHigh SchoolCade Cunningham
100%
3Cleveland CavaliersUSCEvan Mobley
83%
8Orlando MagicMichiganFranz Wagner
83%
2Houston RocketsNBA G-LeagueJalen Green
83%
5Orlando MagicGonzagaJalen Suggs
83%
6Oklahoma City ThunderAustraliaJosh Giddey
83%
4Toronto RaptorsFlorida StateScottie Barnes
83%
9Sacramento KingsBaylorDavion Mitchell
50%
7Golden State WarriorsDemocratic Republic of the CongoJonathan Kuminga
50%
10New Orleans Pelicans
*Traded to Grizzlies
StanfordZaire Williams
33%

Score Distribution

Percentile by Number Answered

Percent of People with Each Score

Your Score History

You have not taken this quiz